[Event "Stay Safe Play From Home 244"]
[Site "Emanuel Lasker Arena"]
[Date "2020.06.22"]
[Round "5"]
[White "Dj amir"]
[Black "Mepe_Nika"]
[Result "1-0"]
[WhiteElo "2404"]
[BlackElo "2342"]
[Annotator "TA"]
[PlyCount "81"]
[EventDate "2020.06.22"]
[EventType "swiss (blitz)"]

{[%evp 16,81,-36,-43,-25,-28,143,-22,-10,-14,0,0,0,-4,27,23,93,88,91,28,31,19,20,17,55,18,101,95,96,-510,-435,-416,-260,-260,-245,-391,-381,-377,-215,-219,199,-243,-95,-89,-93,-85,-67,-108,-101,-110,-97,-102,-62,-75,12,-143,-137,-102,0,0,152,82,29972,29970,29978,29980,12804,6196]} 1. g3 d5 2. Bg2 g6 3. Nf3 Bg7 4. O-O e5 5. c4 dxc4 6. Qa4+ Nc6 7. Qxc4 Nge7 8. Nc3 O-O 9. d3 Be6 {A07: Réti Opening: New York and Capablanca Systems.} 10. Qh4 {[#] With the idea Ng5.} Nd5 $146 (10... f6 $11) ({Predecessor:} 10... f6 11. Qa4 Qd7 12. b3 f5 13. Ng5 e4 14. Bb2 exd3 15. Rad1 d2 16. Nxe6 Qxe6 17. Rxd2 {1-0 (117) Ernst,S (2540)-Landa,K (2601) Germany 2016}) 11. Qxd8 $2 (11. Ng5 $1 $16 {[%csl Gg5][%cal Rh4h7]} h5 12. Nxe6 fxe6 13. Bg5) 11... Rfxd8 {The position is equal.} 12. Bd2 a6 13. Rfc1 h6 14. Ne4 Bf8 15. Nc5 Bxc5 (15... Bc8 $1 $11) 16. Rxc5 $16 Kg7 {[#]} 17. Rac1 (17. Rxc6 $1 $16 bxc6 18. Nxe5) 17... f6 $11 18. a3 Rd7 19. b4 Rad8 20. h4 Nd4 (20... Rc8 $11) 21. Nxd4 $16 exd4 22. Rxc7 $2 {[%mdl 8192]} (22. Bxd5 $16 {stays on course.} Bxd5 23. Rxc7) 22... Nxc7 23. Bxb7 Nb5 24. Bxa6 Nxa3 25. Ra1 (25. b5 $142) 25... Nc2 $19 26. Rc1 Rc7 (26... Ra7 $142 27. b5 Bb3) 27. b5 {aiming for Ba5.} Rb8 $4 {[%mdl 8192]} (27... Rg8 $19 {avoids the disaster. Strongly threatening ...g5.} 28. Ba5 Rc5) 28. Ba5 $4 {[%mdl 8192]} (28. Bf4 $18 {was the only winning move.} Rbc8 29. Bxc7 Rxc7 30. b6) 28... Rcc8 (28... Rc5 $19 {and Black stays clearly on top. Threatens to win with ...Bb3.} 29. Bb4 Rcxb5 30. Bxb5 Rxb5 31. Rxc2 Rxb4 32. Rc7+ Kf8) 29. Bxc8 $17 Rxc8 30. b6 {Threatening b7.} Na3 31. Ra1 Nb5 32. Bb4 Rb8 33. Bc5 Rb7 34. Ra5 {[#]} Nc3 (34... Bd7 $1 $17 35. Ra8 Kf7) 35. e3 $2 (35. Kf1 $1 $11) 35... dxe3 36. fxe3 Nd5 (36... Ne2+ $17 37. Kf2 Nc1) 37. e4 Ne7 $2 ({Better is} 37... Nc3 $11) 38. Bxe7 ({White should try} 38. Ra7 Bc8 39. Bxe7) 38... Rxe7 $2 {[%mdl 8192]} (38... Rxb6 $16 39. d4 Rb1+ 40. Kf2 Rb2+ 41. Ke3 Rb3+ 42. Kd2 Rb2+ 43. Kc3 Rb3+ 44. Kd2 Rxg3) 39. Ra7 Rd7 40. Rxd7+ Bxd7 41. b7 {Quite a comeback for White. Accuracy: White = 45%, Black = 27%.} 1-0

[Event "Stay Safe Play From Home 244"]
[Site "Emanuel Lasker Arena"]
[Date "2020.06.22"]
[Round "5"]
[White "Tolka"]
[Black "SoulofWolf"]
[Result "1-0"]
[WhiteElo "2272"]
[BlackElo "2178"]
[Annotator "TA"]
[PlyCount "97"]
[EventDate "2020.06.22"]
[EventType "swiss (blitz)"]

{[%evp 9,96,41,37,41,40,46,57,26,82,-14,-11,-18,1,-16,-13,-23,0,-27,-2,-56,0,-50,0,-59,0,-60,0,0,0,-104,-25,-54,-6,-54,-56,-43,-37,-32,-10,-133,-54,-118,-118,-119,-99,-185,-160,-193,51,23,32,14,34,30,51,-116,-88,-67,0,0,105,84,131,52,29996,1843,1747,1617,1753,1466,1563,1546,1781,1699,29985,29986,29989,29987,29983,29984,29989,29990,29991,29992,29996,29995,29997,29998,29999]} 1. e4 c5 2. Nf3 e6 3. g3 a6 4. Bg2 b5 5. O-O Bb7 6. Re1 {B40: Sicilian: 2...e6, Unusual lines.} Nc6 7. a4 b4 8. d3 {[#] White is slightly better.} g6 $146 (8... Nf6 $11) ({Predecessor:} 8... Nge7 9. Nbd2 Nc8 10. h4 Be7 11. c3 a5 12. Nf1 O-O 13. h5 Nb6 14. N1h2 d6 {0-1 (37) Furlan,M (2367)-Malakhatko,V (2528) Latschach 2012}) 9. b3 (9. e5 $16) 9... Bg7 $11 10. Ra2 Nf6 11. Bb2 O-O 12. Nbd2 d6 13. Nc4 Qc7 14. Qe2 (14. Nxd6 $11 Qxd6 15. e5) 14... Rae8 (14... d5 $15 15. Nce5 Rad8) 15. Raa1 a5 16. h3 ({Better is} 16. e5 $11 dxe5 17. Nfxe5) 16... Ba6 (16... d5 $15 17. e5 Nd7) 17. Nfd2 (17. Nxd6 $11 Qxd6 18. e5 {[%mdl 64] Double Attack}) 17... Nd4 (17... d5 $15 18. e5 Nd7) 18. Bxd4 $1 cxd4 19. f4 (19. e5 $11 dxe5 20. Qxe5) 19... Nd7 (19... d5 $17 20. Ne5 Nxe4 $1 {[%mdl 512]} 21. Nxe4 dxe4 22. Bxe4 Bxe5 23. fxe5 Rc8) 20. Rac1 Nc5 21. Kh2 e5 {And now ...exf4 would win.} 22. f5 Bc8 23. Rf1 Qd8 24. Qf2 (24. Rce1 $11 {keeps the balance.}) 24... Kh8 (24... gxf5 $17 25. Qf3 fxe4 26. Nxe4 Nxe4 27. Qxe4 Be6) 25. f6 (25. Rce1 $15) 25... Bh6 $17 26. Rcd1 Be6 27. h4 (27. Qf3 $17) 27... Rg8 $1 $19 28. Bh3 Qd7 $2 (28... Bxh3 29. Kxh3 g5 30. h5 $15) (28... g5 $1 $19 {[%cal Rg5h4] aiming for ...gxh4.} 29. hxg5 (29. Bxe6 $2 gxh4 30. gxh4 Rxe6 $17) 29... Bxg5) 29. Bxe6 (29. Nb6 $5 {[%cal Rb6d7]} Qc6 30. Ndc4 $14) 29... Nxe6 30. Qg2 g5 {Hoping for ...gxh4.} 31. h5 $36 {[%mdl 2048] White has some pressure.} ({Avoid the trap} 31. Nxa5 $2 gxh4 32. Qh3 hxg3+ 33. Kg2 Bxd2 $19) 31... g4 32. Qf2 $2 (32. Nxa5 Rg5 $11) (32. Nb6 $14 Qc6 33. Ndc4) 32... Rg5 33. Kg2 Rxh5 (33... Qd8 $15) 34. Rh1 $11 Rxh1 (34... Be3 $11 {remains equal.} 35. Nxe3 dxe3 36. Qxe3 Rh3) 35. Rxh1 $16 Bg5 {[#]} 36. Qf5 ({Inferior is} 36. Nxa5 d5 $15) ({White should try} 36. Nb6 $1 $16 {[%cal Rb6d7]} Qd8 37. Nd5) 36... Nf8 $2 {[%mdl 8192]} (36... h6 $14) 37. Rxh7+ (37. Qxg5 $142 Ng6 {[#]} 38. Qh6 $1 {[%mdl 512]} Nf4+ 39. gxf4 exf4 40. Qxh7#) 37... Nxh7 $18 38. Qxd7 Rf8 39. Qxd6 Bxf6 40. Nxe5 Kg7 41. Nxg4 Bg5 42. Nf3 {White mates.} Bc1 43. Qxd4+ f6 44. e5 Rf7 45. e6 Re7 46. Nh4 Ng5 47. Nf5+ Kf8 48. Qxf6+ {[%mdl 64] Double Attack} Ke8 49. Qxe7# {Never resign too early! Accuracy: White = 33%, Black = 40%.} 1-0

[Event "Stay Safe Play From Home 244"]
[Site "Emanuel Lasker Arena"]
[Date "2020.06.22"]
[Round "5"]
[White "Lamborghini"]
[Black "MartinKestler"]
[Result "1-0"]
[WhiteElo "2197"]
[BlackElo "1908"]
[Annotator "TA"]
[PlyCount "135"]
[EventDate "2020.06.22"]
[EventType "swiss (blitz)"]

{[%evp 9,135,58,72,43,44,-385,-381,-382,-379,-373,-369,-381,-373,-380,-381,-374,-373,-397,-362,-358,-303,-425,-422,-457,-407,-433,-439,-478,-214,-220,-218,-210,-211,-223,-229,-218,-206,-206,-208,-213,-196,-215,-206,-258,0,-227,-230,-484,-239,-279,-224,-233,-233,-261,-261,-261,-266,-305,-289,-364,-260,-350,-342,-419,-276,-911,-559,-525,-544,-718,-377,-368,71,71,979,1112,1232,1160,1256,1099,962,1230,1723,829,1788,1299,1668,1687,1374,1483,1175,814,29975,945,2985,769,791,752,2878,2054,29987,29987,29986,29976,1536,-606,29990,29991,29991,29977,29988,0,29991,29981,29990,29990,29991,29990,29991,29991,29993,29994,29994,29995,29997,29998,29998,29999]} 1. e4 d5 2. exd5 Qxd5 3. Nc3 Qd6 4. d4 Nf6 5. Nf3 g6 6. h3 {B01: Scandinavian Defence.} (6. Nb5 {seems wilder.} Qb6 7. a4 c6 8. a5 Qd8 9. Nc3) 6... Bg7 {[#]} 7. Bf4 $146 {[%mdl 8192]} (7. Be2 $14 {keeps the upper hand.}) ({Predecessor:} 7. Bc4 O-O 8. O-O a6 9. a4 c5 10. Be3 cxd4 11. Nxd4 Nc6 12. Re1 Bd7 13. Nb3 Qc7 14. a5 Rae8 15. Bb6 Qc8 16. Nc5 Nb8 {1-0 (78) Paravyan,D (2629)-Rakhmanov,A (2634) Sochi 2018}) 7... Qxf4 $19 8. g3 {Black is winning.} Qd6 9. Bg2 c6 10. O-O O-O 11. Re1 e6 12. Qe2 b6 13. Rad1 Bb7 14. Ne5 Nbd7 15. Nc4 (15. Nb5 {keeps fighting.} cxb5 16. Bxb7) 15... Qc7 16. h4 Rfe8 17. a4 Rad8 18. a5 c5 (18... b5 $142 19. Ne3 a6) 19. Nb5 Qb8 20. Bxb7 Qxb7 21. Nbd6 Qc6 22. Nxe8 Rxe8 23. axb6 axb6 24. dxc5 Nxc5 25. Nd6 Rd8 26. Nc4 Re8 $2 ({Black should try} 26... Rb8 $19 {Strongly threatening ...b5.} 27. Ne5 Qc7) 27. Ne5 $2 (27. Nd6 $1 $11 {and White stays safe.}) 27... Qc7 28. b4 $2 (28. c3) 28... Nb7 (28... Nce4 $142 29. Qb5 Nc3) 29. c4 h5 30. Qf3 {Hoping for Rd7!} Nd6 31. c5 bxc5 32. bxc5 Qxc5 33. Rc1 Qb4 34. Nc6 Qa4 35. Red1 Nf5 36. Ne5 Qe4 37. Qb3 $2 (37. Qxe4 Nxe4 38. Re1) 37... Ng4 38. Nxg4 Qxg4 39. Qd3 Nxh4 {aiming for ...Bd4!} 40. Rc4 Qxd1+ $2 ({Better is} 40... Nf3+ $19 41. Kg2 Ne5 {[%mdl 64] Double Attack} 42. Rxg4 Nxd3) 41. Qxd1 $16 Nf3+ $2 {[%mdl 8192]} (41... Nf5 $16) 42. Qxf3 $18 Rf8 43. Kg2 Kh7 44. Rc7 Kg8 45. Qe4 Re8 46. Qd3 Rf8 47. Qd7 Bf6 48. f4 Bg7 49. Kf3 Bf6 50. g4 Bg7 51. g5 (51. gxh5 $142 gxh5 52. Qe7 Kh7 53. Qg5 h4 54. Qxh4+ Kg8 55. Qh5 Bh8 56. Qg4+ Bg7 57. Rc1) 51... Bh8 52. Ke4 Bg7 53. f5 exf5+ 54. Kd5 Bh8 55. Kc6 Bg7 56. Qd5 h4 57. Rc8 $4 {[%mdl 8192]} (57. Kd7 $18 Rb8 58. Rc4) 57... h3 $4 {[%mdl 8192] [#]} (57... Rxc8+ $19 58. Kd7 Rc3) 58. Rxf8+ Bxf8 59. Qd8 Kg7 60. Qd5 Kg8 61. Qh1 {White mates.} Kg7 62. Qxh3 Kg8 63. Qc3 Bg7 {[#]} 64. Qc4 $1 Bf8 65. Kd7 Bg7 66. Ke8 Bf8 67. Qxf7+ {[%mdl 64] Double Attack} Kh8 68. Kxf8 {Accuracy: White = 55%, Black = 43%.} 1-0

[Event "Stay Safe Play From Home 244"]
[Site "Emanuel Lasker Arena"]
[Date "2020.06.22"]
[Round "5"]
[White "Weltszmerc"]
[Black "Bardellosport"]
[Result "0-1"]
[WhiteElo "2180"]
[BlackElo "2031"]
[Annotator "TA"]
[PlyCount "86"]
[EventDate "2020.06.22"]
[EventType "swiss (blitz)"]

{[%evp 9,86,41,129,40,104,51,76,-60,-60,-78,-30,-157,-125,-196,-188,-185,-154,-140,-136,-159,-136,-131,-130,-145,-47,-54,-54,-54,-49,-78,-81,-83,-61,-66,-51,-59,-62,-54,-12,-13,0,0,0,-2,-1,-5,24,0,0,0,0,-12,541,533,533,526,497,410,452,418,489,182,405,399,496,356,526,385,604,0,419,390,464,281,275,193,333,-34,-18]} 1. d4 Nc6 2. d5 Ne5 3. f4 Ng6 4. e4 Nf6 5. Nc3 e5 {[#]} (5... e6 $14) 6. dxe6 {A40: Unusual replies to 1 d4.} (6. f5 $1 $16) 6... fxe6 {[#]} (6... dxe6 $14 7. Qxd8+ Kxd8) 7. a3 $146 (7. e5 $16) ({Predecessor:} 7. e5 Ng8 8. Qh5 Bc5 9. Ne4 Be7 10. Bd3 Nh6 11. Ng5 Bxg5 12. fxg5 Nf5 13. g4 {0-1 (26) Szymanski,P (1725)-Gonder,S ICCF email 2015}) 7... d5 8. exd5 (8. e5 $16) 8... exd5 $15 9. Nf3 c6 10. Be2 (10. Bd3 $11) 10... Bd6 $17 11. O-O (11. g3 $17) 11... Nxf4 $19 ({Weaker is} 11... Bxf4 12. Bxf4 Nxf4 13. Qd2 $15) 12. Ng5 Nxe2+ 13. Qxe2+ Qe7 14. Qxe7+ Kxe7 15. Re1+ Kd7 16. Nf7 {[#]} Rf8 (16... Bc5+ $1 $17 17. Be3 Bxe3+ 18. Rxe3 Rf8 19. Ne5+ Kd6) 17. Nxd6 $15 Kxd6 18. Bf4+ Kd7 $1 19. Na4 b6 20. c4 Bb7 21. cxd5 cxd5 22. Rad1 Rae8 23. Be5 Ne4 24. Bxg7 Rg8 25. Bd4 Rg4 26. h3 Rg3 {next ...Reg8 is good for Black.} 27. Nc3 Kc8 28. Nxe4 dxe4 29. Be3 {Rc1+ is the strong threat.} Reg8 30. Rc1+ Kb8 $2 {[%mdl 8192]} (30... Kd7 $11 31. Re2 Rxh3) 31. Bf4+ $18 {[%mdl 64] Double Attack} Ka8 32. Bxg3 Rxg3 {[%mdl 4096] Endgame KRR-KRB} 33. Kf2 Rg8 34. Re3 a6 35. Ke2 $2 (35. Rc7) 35... a5 $2 (35... Rxg2+ 36. Kd1 Kb8) 36. g4 Rf8 37. Rc2 Ka7 (37... Ba6+ $142 38. Kd1 Kb8) 38. Kd2 Ba6 (38... Rf2+ $142 39. Kd1 Rf7) 39. Kc3 $2 ({Better is} 39. Rc7+ $18 Kb8 40. Rxh7) 39... Rd8 $2 {[%mdl 8192]} (39... Rc8+ $1 $11 {and Black is okay.} 40. Kd2 Rxc2+ 41. Kxc2 Bd3+ 42. Rxd3 exd3+ 43. Kxd3 Kb8) 40. Kb3 a4+ 41. Ka2 Bd3 42. Rc3 Rd4 (42... Kb7 $142 43. b3 b5) 43. Rexd3 $2 ({White should play} 43. Rc7+ $18 Ka6 44. b3) 43... exd3 {[%mdl 32768] Never resign too early! Accuracy: White = 49%, Black = 38%. . Loss on time!?} 0-1

[Event "Stay Safe Play From Home 244"]
[Site "Emanuel Lasker Arena"]
[Date "2020.06.22"]
[Round "5"]
[White "Greblha"]
[Black "Lazieri3"]
[Result "0-1"]
[WhiteElo "1957"]
[BlackElo "2134"]
[Annotator "TA"]
[PlyCount "100"]
[EventDate "2020.06.22"]
[EventType "swiss (blitz)"]

{[%evp 12,99,28,22,32,11,29,-20,-27,-45,-10,-4,0,0,0,0,0,0,4,0,15,11,11,0,16,6,34,20,32,10,29,18,29,17,28,0,0,-37,14,-31,-26,-37,-26,-41,-37,-35,-34,-65,-59,-107,-97,-384,-378,-408,-406,-551,-537,-612,-610,-650,-643,-644,-642,-706,-709,-704,-691,-812,-780,-1234,-1176,-29991,-1145,-1086,-1078,-29953,-1071,-29989,-5634,-29991,-29992,-29992,-29993,-29994,-29995,-29995,-29995,-29998,-29999,-29999]} 1. e4 c6 2. d4 d5 3. exd5 cxd5 4. Bd3 Nc6 5. c3 Nf6 6. Ne2 Bg4 7. O-O e6 {B13: Caro-Kann: Exchange Variation and Panov-Botvinnik Attack.} 8. Qe1 Bh5 {[#]} 9. f3 $146 ({Predecessor:} 9. Nf4 Bg6 10. Nxg6 hxg6 11. Nd2 g5 12. Nf3 g4 13. Ne5 Bd6 14. Qe2 Nd7 15. Bf4 {0-1 (31) Kobalia,M (2620)-Truskavetsky,A (2393) Sochi 2018}) 9... Bg6 {The position is equal.} 10. Nf4 Bxd3 (10... Bd6 $5 {[%cal Rd6f4]} 11. Nxg6 hxg6 $11) 11. Nxd3 h6 12. Bf4 Bd6 13. Nd2 Bxf4 14. Nxf4 O-O 15. Qh4 Nh7 16. Qxd8 Raxd8 17. Nd3 Rfe8 18. Rae1 f6 19. f4 Kf7 20. Nf3 Nf8 21. Re2 Nd7 22. Rfe1 Re7 23. b4 Rde8 24. Nc5 Nxc5 ({Better is} 24... Nb6 $15) 25. bxc5 (25. dxc5 {with more complications.} g5 26. g3 e5 27. b5 Na5 28. fxe5 Nc4 29. e6+) 25... b6 26. cxb6 axb6 27. Rb2 Rb8 28. Reb1 Reb7 29. a4 Na5 30. Rb5 Nc4 {White must now prevent ...Na3.} 31. Kf2 $2 {[%mdl 8192] White does not recover from this.} (31. R5b4 $17 {was worth a try.}) 31... Na3 $1 $19 {[%csl LRb1,LRb5][%mdl 64] Double Attack} 32. R1b4 Nxb5 33. axb5 {[%mdl 4096] Endgame KRR-KRN} Rc8 34. Rb3 Rbc7 35. Ra3 Rxc3 36. Ra7+ R8c7 37. Ra6 Rc2+ 38. Kg3 Rb2 39. Rxb6 Rcc2 40. Ne1 Re2 41. Nd3 Rxg2+ (41... Re3+ $142 42. Kh4 Rxg2 43. f5 exf5 44. Rb7+ {[#]} Kg8 $1 {[%mdl 512]} 45. Rb8+ Kh7 $1 {[%mdl 512]} 46. Rh8+ Kxh8 47. h3 Rxd3 48. b6 Rxd4+ 49. Kh5 Rg5#) 42. Kf3 Rbd2 43. Ke3 Rxh2 (43... Rge2+ $142 44. Kf3 Rxh2 45. Kg3 h5 46. Rc6 h4+ 47. Kg4 Rxd3 48. Kh5 Rxd4 49. Rc7+ Kg8 50. Kg4 e5 51. Kf5 Rxf4+ 52. Ke6 Rb2 53. Rc3 Rxb5 54. Kd6 d4 55. Rd3 g5 56. Rd1 Kf7 57. Kc6 Rb3 58. Kd6 d3 59. Kc5 Ke6 60. Ra1 Rc3+ 61. Kb6 d2 62. Kb5 Rc1 63. Ra6+ Kd5 64. Ra5 d1=Q 65. Kb6+ Ke6 66. Rb5 Qd6+ 67. Kb7 Rc7+ 68. Ka8 Qa6+ {[%mdl 64] Double Attack} 69. Kb8 Rc8#) 44. Ne1 Rde2+ (44... Rhe2+ $142 45. Kf3 Rxe1 46. Rb7+ Kg6 47. Re7 Rxd4 48. b6 Ree4 49. Kg2 Rb4 50. Ra7 Rxb6 51. f5+ Kxf5 52. Ra2 h5 53. Kh2 e5 54. Kg3 Rb3+ 55. Kg2 d4 56. Rf2+ Rf4 57. Rd2 g5 58. Ra2 e4 59. Kh1 d3 60. Kg1 e3 61. Kg2 d2 62. Ra5+ Kg4 63. Ra1 Rf2+ 64. Kg1 Rc3 65. Ra4+ Kh3 66. Rh4+ Kxh4 67. Kh1 d1=Q#) 45. Kf3 Rxe1 {Black mates.} 46. Rb7+ Kg6 47. f5+ exf5 48. b6 {[#]} Rb1 $1 49. Rb8 Rb3+ 50. Kf4 Rh4# {Accuracy: White = 40%, Black = 74%.} 0-1

[Event "Stay Safe Play From Home 244"]
[Site "Emanuel Lasker Arena"]
[Date "2020.06.22"]
[Round "5"]
[White "Grazie"]
[Black "Germanicus G"]
[Result "0-1"]
[WhiteElo "1792"]
[BlackElo "1276"]
[Annotator "NA RC"]
[PlyCount "40"]
[EventDate "2020.06.22"]
[EventType "swiss (blitz)"]

1. d4 {[%emt 0:00:01]} e6 {[%emt 0:00:01]} 2. c3 {[%emt 0:00:00]} b6 {[%emt 0:00:01]} 3. g3 {[%emt 0:00:00]} Bb7 {[%emt 0:00:01]} 4. Bg2 {[%emt 0:00:00]} Bxg2 {[%emt 0:00:03]} 5. Nf3 {[%emt 0:00:00]} Bxh1 {[%emt 0:00:02]} 6. Qa4 {[%emt 0:00:01]} Bxf3 {[%emt 0:00:02]} 7. exf3 {[%emt 0:00:01]} Nf6 {[%emt 0:00:01]} 8. Bg5 {[%emt 0:00:01]} Be7 {[%emt 0:00:00]} 9. Nd2 {[%emt 0:00:02]} O-O {[%emt 0:00:01]} 10. O-O-O {[%emt 0:00:03]} d5 {[%emt 0:00:00]} 11. Bxf6 {[%emt 0:00:03]} Nd7 {[%emt 0:00:00]} 12. f4 {[%emt 0:00:00]} Bxf6 {[%emt 0:00:01]} 13. Nf3 {[%emt 0:00:00]} c5 {[%emt 0:00:02]} 14. dxc5 {[%emt 0:00:01]} Nxc5 {[%emt 0:00:01]} 15. Qc2 {[%emt 0:00:02]} Qc7 {[%emt 0:00:01]} 16. Kb1 {[%emt 0:00:00]} Rac8 {[%emt 0:00:05]} 17. Qe2 {[%emt 0:00:02]} Na4 {[%emt 0:00:03]} 18. Qa6 {[%emt 0:00:05]} Qc4 {[%emt 0:00:04]} 19. Qxa7 {[%emt 0:00:06]} Rc7 {[%emt 0:00:01]} 20. Qxc7 {[%emt 0:00:06]} Qxc7 {[%emt 0:00:02] Grazie gibt auf (Lag: Av=0.21s, max=0.4s)} 0-1

[Event "Stay Safe Play From Home 244"]
[Site "Emanuel Lasker Arena"]
[Date "2020.06.22"]
[Round "5"]
[White "Dave_H"]
[Black "Haxhi Baha"]
[Result "0-1"]
[WhiteElo "1773"]
[BlackElo "1999"]
[Annotator "TA"]
[PlyCount "48"]
[EventDate "2020.06.22"]
[EventType "swiss (blitz)"]
[WhiteTeam "SK Vellmar"]

{[%evp 13,48,38,45,45,184,-255,-262,-881,-875,-861,-688,-922,-906,-996,-991,-953,-892,-885,-881,-859,-849,-842,-824,-917,-921,-919,-905,-893,-879,-1063,-1018,-29990,-29991,-29992,-29989,-29989,-29990]} 1. e4 e6 2. d4 d5 3. Nd2 Nf6 4. e5 Nfd7 5. Bd3 c5 6. c3 Nc6 7. Ne2 f6 8. Nf4 {C06: French Tarrasch: 3...Nf6 4 e5 Nfd7 5 Bd3 main lines.} cxd4 {[#]} (8... Qe7 $14) 9. Nh5 $146 {[%mdl 8192] [#]} (9. Nxe6 $18 {avoids the disaster.} Qb6 10. Qh5+ {[%mdl 64] Double Attack} Ke7 11. Nf4) ({Predecessor:} 9. Qh5+ Ke7 10. Ng6+ hxg6 11. exf6+ Nxf6 12. Qxh8 Ne5 13. Be2 d3 14. Bd1 Nc4 15. Qh3 e5 16. Qxd3 {1-0 (38) Maiberg,W (1919)-Salvadego,M (1527) Florianopolis 2017}) 9... Ndxe5 {Black converts the advantage convincingly.} 10. f4 $2 (10. Be2) 10... Nxd3+ $19 11. Kf1 Nc5 12. f5 e5 13. cxd4 Nxd4 14. Nf3 Nxf3 15. Qxf3 Ne4 16. Ng3 Nxg3+ 17. hxg3 Bc5 18. Qh5+ Ke7 19. Bd2 Qb6 20. Rc1 Bd7 21. Qh4 Bb5+ 22. Rc4 Bxc4+ {Black mates.} 23. Ke1 Bf2+ 24. Kd1 Qxb2 0-1

[Event "Stay Safe Play From Home 244"]
[Site "Emanuel Lasker Arena"]
[Date "2020.06.22"]
[Round "5"]
[White "Bishop91"]
[Black "Trotsky"]
[Result "1-0"]
[WhiteElo "1769"]
[BlackElo "1577"]
[Annotator "NA"]
[PlyCount "69"]
[EventDate "2020.06.22"]
[EventType "swiss (blitz)"]

1. e3 {[%emt 0:00:01]} d5 {[%emt 0:00:01]} 2. d4 {[%emt 0:00:01]} e6 {[%emt 0:00:00]} 3. c4 {[%emt 0:00:01]} c5 {[%emt 0:00:01]} 4. Nc3 {[%emt 0:00:01]} Nc6 {[%emt 0:00:01]} 5. dxc5 {[%emt 0:00:01]} Bxc5 {[%emt 0:00:01]} 6. Nf3 {[%emt 0:00:01]} Nf6 {[%emt 0:00:01]} 7. Be2 {[%emt 0:00:02]} a6 {[%emt 0:00:01]} 8. O-O {[%emt 0:00:01]} Bd6 {[%emt 0:00:01]} 9. cxd5 {[%emt 0:00:01]} Ne5 {[%emt 0:00:03]} 10. Nxe5 {[%emt 0:00:02]} Bxe5 {[%emt 0:00:02]} 11. dxe6 {[%emt 0:00:00]} Qc7 {[%emt 0:00:08]} 12. exf7+ {[%emt 0:00:00]} Kf8 {[%emt 0:00:02]} 13. Nd5 {[%emt 0:00:03]} Qd6 {[%emt 0:00:01]} 14. Nxf6 {[%emt 0:00:01]} Qxf6 {[%emt 0:00:01]} 15. Rb1 {[%emt 0:00:03]} h5 {[%emt 0:00:02]} 16. h3 {[%emt 0:00:01]} Be6 {[%emt 0:00:05]} 17. b3 {[%emt 0:00:04]} Bxf7 {[%emt 0:00:02]} 18. Ba3+ {[%emt 0:00:01]} Kg8 {[%emt 0:00:02]} 19. Bc4 {[%emt 0:00:03]} Bxc4 {[%emt 0:00:02]} 20. bxc4 {[%emt 0:00:00]} Qg5 {[%emt 0:00:03]} 21. Qd5+ {[%emt 0:00:01]} Kh7 {[%emt 0:00:03]} 22. f4 {[%emt 0:00:02]} Bxf4 {[%emt 0:00:04]} 23. exf4 {[%emt 0:00:02]} Qxd5 {[%emt 0:00:03]} 24. cxd5 {[%emt 0:00:00]} Rag8 {[%emt 0:00:02]} 25. d6 {[%emt 0:00:00]} g6 {[%emt 0:00:02]} 26. Bb2 {[%emt 0:00:02]} Kh6 {[%emt 0:00:01]} 27. Bxh8 {[%emt 0:00:00]} Rxh8 {[%emt 0:00:02]} 28. Rxb7 {[%emt 0:00:01]} Rd8 {[%emt 0:00:01]} 29. d7 {[%emt 0:00:00]} Rxd7 {[%emt 0:00:01]} 30. Rxd7 {[%emt 0:00:03]} g5 {[%emt 0:00:01]} 31. f5 {[%emt 0:00:01]} h4 {[%emt 0:00:01]} 32. f6 {[%emt 0:00:00]} Kh5 {[%emt 0:00:00]} 33. f7 {[%emt 0:00:00]} a5 {[%emt 0:00:00]} 34. f8=Q {[%emt 0:00:01]} a4 {[%emt 0:00:01]} 35. Qh8+ {[%emt 0:00:01] . Âðåìÿ} 1-0

[Event "Stay Safe Play From Home 244"]
[Site "Emanuel Lasker Arena"]
[Date "2020.06.22"]
[Round "6"]
[White "Lamborghini"]
[Black "Bishop91"]
[Result "1-0"]
[WhiteElo "2202"]
[BlackElo "1777"]
[Annotator "NA"]
[PlyCount "93"]
[EventDate "2020.06.22"]
[EventType "swiss (blitz)"]

1. e4 {[%emt 0:00:01]} e5 {[%emt 0:00:02]} 2. d4 {[%emt 0:00:02]} Nc6 {[%emt 0:00:00]} 3. d5 {[%emt 0:00:02]} Nd4 {[%emt 0:00:01]} 4. c3 {[%emt 0:00:01]} Bd6 {[%emt 0:00:13]} 5. cxd4 {[%emt 0:00:01]} exd4 {[%emt 0:00:01]} 6. Nf3 {[%emt 0:00:00]} Nf6 {[%emt 0:00:02]} 7. Bd3 {[%emt 0:00:02]} O-O {[%emt 0:00:02]} 8. O-O {[%emt 0:00:01]} Re8 {[%emt 0:00:00]} 9. Re1 {[%emt 0:00:01]} Be5 {[%emt 0:00:01]} 10. Nxe5 {[%emt 0:00:01]} Rxe5 {[%emt 0:00:01]} 11. f4 {[%emt 0:00:00]} Re8 {[%emt 0:00:01]} 12. Nd2 {[%emt 0:00:02]} d6 {[%emt 0:00:02]} 13. h3 {[%emt 0:00:01]} Bd7 {[%emt 0:00:01]} 14. Nf3 {[%emt 0:00:01]} c6 {[%emt 0:00:01]} 15. dxc6 {[%emt 0:00:03]} bxc6 {[%emt 0:00:00]} 16. Bd2 {[%emt 0:00:01]} c5 {[%emt 0:00:00]} 17. b3 {[%emt 0:00:01]} Bc6 {[%emt 0:00:01]} 18. Qc2 {[%emt 0:00:01]} Rb8 {[%emt 0:00:00]} 19. Re2 {[%emt 0:00:01]} h6 {[%emt 0:00:01]} 20. Rae1 {[%emt 0:00:01]} Qd7 {[%emt 0:00:01]} 21. e5 {[%emt 0:00:01]} dxe5 {[%emt 0:00:01]} 22. Nxe5 {[%emt 0:00:01]} Qb7 {[%emt 0:00:00]} 23. Nxc6 {[%emt 0:00:01]} Qxc6 {[%emt 0:00:01]} 24. Bc4 {[%emt 0:00:01]} Rxe2 {[%emt 0:00:02]} 25. Rxe2 {[%emt 0:00:01]} Rb7 {[%emt 0:00:00]} 26. Qf5 {[%emt 0:00:01]} Qd7 {[%emt 0:00:01]} 27. Qxd7 {[%emt 0:00:02]} Rxd7 {[%emt 0:00:01]} 28. Re5 {[%emt 0:00:01]} g5 {[%emt 0:00:02]} 29. fxg5 {[%emt 0:00:01]} hxg5 {[%emt 0:00:00]} 30. Rxg5+ {[%emt 0:00:01]} Kf8 {[%emt 0:00:02]} 31. Rf5 {[%emt 0:00:01]} Ng8 {[%emt 0:00:02]} 32. Bf4 {[%emt 0:00:02]} Re7 {[%emt 0:00:01]} 33. Rxc5 {[%emt 0:00:01]} Re1+ {[%emt 0:00:01]} 34. Kf2 {[%emt 0:00:00]} d3 {[%emt 0:00:00]} 35. Bxd3 {[%emt 0:00:01]} Re7 {[%emt 0:00:02]} 36. Bc4 {[%emt 0:00:01]} Re8 {[%emt 0:00:00]} 37. Bd6+ {[%emt 0:00:01]} Kg7 {[%emt 0:00:01]} 38. Rc7 {[%emt 0:00:00]} Nh6 {[%emt 0:00:02]} 39. Bf4 {[%emt 0:00:01]} Rf8 {[%emt 0:00:01]} 40. g4 {[%emt 0:00:01]} Ng8 {[%emt 0:00:01]} 41. g5 {[%emt 0:00:01]} Ne7 {[%emt 0:00:01]} 42. Rxe7 {[%emt 0:00:02]} Rd8 {[%emt 0:00:01]} 43. Rxf7+ {[%emt 0:00:00]} Kg6 {[%emt 0:00:02]} 44. Rf6+ {[%emt 0:00:00]} Kg7 {[%emt 0:00:01]} 45. h4 {[%emt 0:00:00]} Rf8 {[%emt 0:00:01]} 46. Be5 {[%emt 0:00:00]} Rxf6+ {[%emt 0:00:01]} 47. Bxf6+ {[%emt 0:00:00] Time (Lag: Av=0.33s, max=0.8s)} 1-0